Jejak orang-orang soleh
| Main Author: | Al-Ansari, Abdullah |
|---|---|
| Published: |
Kuala Lumpur:
Percetakan Zafar,
1997.
|
| Subjects: |
| LEADER | 00501cam a2200169 7i4500 | ||
|---|---|---|---|
| 001 | 0000000479 | ||
| 005 | 20090302090000.0 | ||
| 020 | |a 9830772284 (hbk.) | ||
| 020 | |a 9789830772288 | ||
| 050 | 0 | 0 | |a BP189.6 ABD 1997 |
| 090 | 0 | 0 | |a BP189.6 |b S57 1997 |
| 100 | 1 | |a Al-Ansari, Abdullah | |
| 245 | 1 | 0 | |a Jejak orang-orang soleh |c Abdullah Al-Ansari. |
| 260 | |a Kuala Lumpur: |b Percetakan Zafar, |c 1997. | ||
| 300 | |a vii, 355 p.; |c 23 cm. | ||
| 650 | 0 | 0 | |a Sufism |
| 999 | |a 0000008338 |b BOK |c OPEN SHELF |e 1st Floor, Bestari Jaya | ||


